| 000 | 00411 a2200145 4500 | ||
|---|---|---|---|
| 005 | 20250403093950.0 | ||
| 020 | _a0 7121 2332 6 | ||
| 082 | _a519. 024 THI | ||
| 100 | _aTHIRKETTLE, G. L. | ||
| 245 | _aWheldon's Business Statistics and Statistical Method | ||
| 250 | _a8th Ed. | ||
| 260 |
_aLondon, _bMacDonald, _c1976. |
||
| 300 |
_axi, 244p.: ill.; figure, graph, map, table. _bIndex. _c21cm. |
||
| 942 |
_2ddc _cBKS |
||
| 999 |
_c1057 _d1057 |
||